| 000 | 00470nam a22001577a 4500 | ||
|---|---|---|---|
| 005 | 20240830093116.0 | ||
| 008 | 240830b |||||||| |||| 00| 0 eng d | ||
| 041 | _a9780409019834 | ||
| 082 | _a340.03 | ||
| 100 | _lEnglish | ||
| 245 |
_aDictionary of Legal Words and Phrases / _cR.C Claassen |
||
| 260 |
_aDurban: _bLexisNexis (Pty) Ltd, _c1997 |
||
| 300 |
_bxi, 179 pages; _c25 cm. |
||
| 650 |
_aLegal practice _bLaw |
||
| 942 |
_cBK _6ALISON_BN_VRIES |
||
| 999 |
_c2960 _d2960 |
||